000 00701nam a2200193 a 4500
005 20210223122700.0
008 991125s1953 mx 000 0 spa u
035 _aUPN01000039735
049 _aCG
050 4 _aF3081
_bS6.4
100 1 _aSoto Cárdenas, Alejandro
245 1 0 _aMisiones chilenas en los archivos europeos /
_cAlejandro Soto Cárdenas.
260 _aMéxico :
_bInstituto Panamericano de Geografía e Historia,
_c1953.
300 _a295 p.
440 0 _aMisiones americanas en los archivos europeos ;
_v6
440 0 _aPublicaciones / Instituto Panamericano de Geografía e Historia.
_pComisión de Historia ;
_v47
651 4 _aCHILE -
_xHISTORIA -
_vFUENTES
_913424
905 _aLibro
999 _c39735
_d39735